Регионална библиотека "Любен Каравелов" - Русе

Грънчо | Сламчо (Запис номер 143480)

MARC детайли
000 -Лидер
Контролно поле с фиксирана дължина nam a22 a 4500
003 - Код на организацията, давaща контролен номер
Контролно поле BLK
005 - Дата и час на последна редакция
Контролно поле 20230131165308.0
008 - Елементи от данни с фиксирана дължина
fixed length control field 180409b bul|||||r ||||||| ||bul||
010 ## - Наследен системен номер
LC control number KNG00149603000
040 ## - Източник на каталожния запис
Идентификатор на билиотеката - собственик на записа BLK
041 ## - Код за език
Код за езика на текст/звукозапис или на отделно заглавие Български
Код за езика КДБФ Български
072 #7 - Код за тематичната категория
Код организация bullib
Код за тематична категория Я
Текст Автографи
080 ## - УДК
Текстов определител УДК Българска литература
УДК код - определител по УДК 821.163.2
УДК определител -93-32
УДК - код + определител 821.163.2-93-32
100 1# - Редна дума - Автор
Автор Чаушев, Вели Светлинов
Авторска отговорност първи автор
R(LIN) 270548
139 ## - Редно поле
Редна дума Чаушев, Вели Светлинов
Авторски знак Чау - Ч 46
245 10 - Сведения за заглавието
Заглавие Грънчо
Редно поле (дума) Вели Светлинов Чаушев; худож. Георги Чаушов.
245 10 - Сведения за заглавието
Заглавие Сламчо
Подзаглавни данни Две приказни повести : За предучилищна и нач. училищна възраст
257 ## - Страна на издаване
Страна на създаване/издаване България
260 ## - Област на издателските данни
Място на издаване, разпространение и проч. София
Име на издателя, разпространителя и проч. Нар. младеж
Година на издаване 1974
Печатница София : Д. Благоев
300 ## - Физическа характеристика
Страници 100 с.
Илюстрации и др. с ил.
Размери/Мащаб 22 см
380 ## - Жанр
Жанр Детска худож. лит.
500 ## - Общи забележки
Забележка 20 125 тир.
659 ## - Тематичен бюлетин
Тематичен бюлетин Я
700 1# - Други автори (авторска отговорност)
Лично име Чаушов, Георги
Автороска отговорност (Описва отношението между автора и произведението) худож.
9 (RLIN) 367514
852 ## - Местоположение
Форматна сигнатура Цб 262838
856 4# - Електронен адрес и достъп
Електронен формат pdf - файл
Инструкция (цена за достъп) 0.42
Права за достъп disable
856 4# - Електронен адрес и достъп
Електронен формат pdf - файл
Инструкция (цена за достъп) 0.42
Права за достъп disable
999 ## - СИСТЕМНИ КОНТРОЛНИ НОМЕРА
Koha biblionumber 143480
Koha biblioitemnumber 143480
942 ## - АРТИКУЛИ
Вид на библиотечния материал Книги
Скрит в OPAC Не
Периодичен библиозапис Да
944 ## - СЪЗДАВАНЕ И РЕДАКЦИЯ на ЗАПИСА
Създаване/Редакция Създаване
Дата на регистрацията/редакция 20.08.2013
Статус, дата на статуса 20.08.2013 - от С1,Р / 20.08.2013
Служител, извършил регистрацията/редакцията Серджан_Ахмедов
944 ## - СЪЗДАВАНЕ И РЕДАКЦИЯ на ЗАПИСА
Създаване/Редакция Редакция
Дата на регистрацията/редакция 12.09.2017
Статус, дата на статуса 20.08.2013 - от С1,Р / 20.08.2013
Служител, извършил регистрацията/редакцията Вася_Ганчева
999 ## - СИСТЕМНИ КОНТРОЛНИ НОМЕРА
Koha biblioitemnumber 143480
999 ## - СИСТЕМНИ КОНТРОЛНИ НОМЕРА
Koha biblioitemnumber 143480
Наличности
Код за отписване Код за изгубен артикул Източник на класификационната схема Код за повреда Коз за рестрикции Код за отдаване Артикулен № Име на библиотеката - собственик Име на библиотеката, в която се намира в момента Статус (Текущо местоположение) Дата на вписване в системата Местоположение - отдел Цена в лева Номерация (Хронология) Инвентарен номер Систематично азбучна сигнатура Баркод Номер на екземпляра Цена в евро Служебна бележка Служебен тип на артикула Бележка за публиката
  Не е изгубен Universal Decimal Classification Не е повреден без рестрикции ползва се в читалня 238226 Регионална библиотека "Любен Каравелов" Русе Регионална библиотека "Любен Каравелов" Русе Хранилище 1974-01-01 Хранилище 0.42 Автограф: Вели Чаушев 151321 Цб 262838 120000151321 1 0.21 Вид: Сф N: стар фонд Дата: 01.01.1974 Книги  
Изтеглен Не е изгубен Universal Decimal Classification Не е повреден без рестрикции заемане за дома 238227 Регионална библиотека "Любен Каравелов" Русе Регионална библиотека "Любен Каравелов" Русе Детски отдел 1974-01-01 Детски отдел 0.42   151164 ДХ 886.7/Ч 46 151164 2 0.21 Вид: Сф N: стар фонд Дата: 01.01.1974 Дата инв: 25.09.2015 Бележки инв: Д2015 Книги  
Изтеглен Не е изгубен   Не е повреден без рестрикции заемане за дома 238228 Регионална библиотека "Любен Каравелов" Русе Регионална библиотека "Любен Каравелов" Русе   1974-01-01 Детски отдел 0.42   151165 ДХ 886.7/Ч 46 151165 3 0.21 Вид: Сф N: стар фонд Дата: 01.01.1974 Дата инв: 07.10.2015 Бележки инв: Д2015 Книги Отч.N: 27/2017 , Дата: 16.08.2017
Изтеглен Не е изгубен Universal Decimal Classification Не е повреден без рестрикции заемане за дома 238229 Регионална библиотека "Любен Каравелов" Русе Регионална библиотека "Любен Каравелов" Русе Детски отдел 1974-01-01 Детски отдел 0.42   151166 ДХ 886.7/Ч 46 151166 4 0.21 Вид: Сф N: стар фонд Дата: 01.01.1974 Дата инв: 25.09.2015 Бележки инв: Д2015 Книги  
Vip Innovations Ltd, Rousse, Bulgaria 2025